| 000 | 01247nam a2200241 a 4500 | ||
|---|---|---|---|
| 008 | 120416s1982 ||||||||||||||||| || u | ||
| 020 | _a0070227659 | ||
| 050 | _aHB 172.5 Gap | ||
| 100 | _aGapinski, James H | ||
| 245 | 1 | 0 | _aMacroeconomic theory: statics, dynamics and policy |
| 260 |
_aNew York: _bMcGraw-Hill _c1982. |
||
| 300 | _axi, 432 p. | ||
| 350 | _a0.00 | ||
| 490 | _aEconomics handbook series | ||
| 490 | _vEconomics handbook series (McGraw-Hill Book Company) | ||
| 650 | 0 | _aMACROECONOMICS | |
| 650 | _aSTATICS AND DYNAMICS (SOCIAL SCIENCES) | ||
| 650 | _aECONOMIC POLICY--AFRICA | ||
| 995 |
_aTEXTBOOKS (SB) _D0.00 _e01547 _FCBU-SCHOOL TEXTBOOK COLLECTIONS _H1 _I0.00 _jSCHOOL TEXTBOOK _M2 _UAVAILABLE _WSep 22, 2009 _y01547 _ZSchool Collections |
||
| 995 |
_aANNEX COLLECTION (Main Library) _D0.00 _e729177 _FCBU-MAIN LIBRARY (Kitwe) _H1 _I19.50 _jHB 172.5 Gap _M1 _UAVAILABLE _WOct 17, 2006 _y021575 _ZAnnex Low-Usage Collection |
||
| 995 |
_aTEXTBOOKS (SB) _D0.00 _e01548 _FCBU-SCHOOL TEXTBOOK COLLECTIONS _H1 _I0.00 _jSCHOOL TEXTBOOK _M3 _UAVAILABLE _WSep 22, 2009 _y01548 _ZSchool Collections |
||
| 995 |
_aTEXTBOOKS (SB) _D0.00 _e01549 _FCBU-SCHOOL TEXTBOOK COLLECTIONS _H1 _I0.00 _jSCHOOL TEXTBOOK _M4 _UAVAILABLE _WSep 22, 2009 _y01549 _ZSchool Collections |
||
| 999 |
_c82295 _d82295 |
||